История крестовых походов. Т. 2: Часть вторая, содержащая в себе повествование Втораго и Третьяго Крестовых походов (Запись № 13553360)
[ простой вид ]
| 000 -МАРКЕР | |
|---|---|
| контрольное поле | 01995nam2a2200277 4500 |
| 001 - ИДЕНТИФИКАТОР ЗАПИСИ | |
| контрольное поле | RU\NLR\BIBL_A\022724089 |
| 005 - ИДЕНТИФИКАТОР ВЕРСИИ | |
| контрольное поле | 20260215052404.0 |
| 035 ## - ДРУГИЕ СИСТЕМНЫЕ НОМЕРА | |
| Идентификатор записи | (NLR Aleph) 022724089 |
| 100 ## - ДАННЫЕ ОБЩЕЙ ОБРАБОТКИ | |
| Данные общей обработки | 20110922d1841 u y0rusy50 ca |
| 101 1# - ЯЗЫК РЕСУРСА | |
| Язык текста, звукозаписи и т.д. | русский |
| -- | французский |
| Язык оригинала | французский |
| 102 ## - СТРАНА ПУБЛИКАЦИИ ИЛИ ПРОИЗВОДСТВА | |
| Страна публикации | Российская Федерация |
| 105 ## - ПОЛЕ КОДИРОВАННЫХ ДАННЫХ: ТЕКСТОВЫЕ МАТЕРИАЛЫ, МОНОГРАФИЧЕСКИЕ | |
| Кодированные данные о монографическом текстовом документе | be z 000yy |
| 200 1# - ЗАГЛАВИЕ И СВЕДЕНИЯ ОБ ОТВЕТСТВЕННОСТИ | |
| Основное заглавие | Часть вторая, содержащая в себе повествование Втораго и Третьяго Крестовых походов |
| Сведения, относящиеся к заглавию | с картою Христианских владений в Азии и планом Птолемаиды |
| 210 ## - ПУБЛИКАЦИЯ, РАСПРОСТРАНЕНИЕ И ДР. | |
| Дата издания, распространения и т.д. | 1841 |
| 215 ## - ФИЗИЧЕСКАЯ ХАРАКТЕРИСТИКА | |
| Специфическое обозначение материала и объем | [2], 608 с., [2] л.: карта, пл. |
| 300 ## - ОБЩИЕ ПРИМЕЧАНИЯ | |
| Текст примечания | Часть текста фр. |
| 327 1# - ПРИМЕЧАНИЯ О СОДЕРЖАНИИ | |
| Текст примечания | Содерж. разд.: Кн. 5–8 ; Оправдательныя статьи |
| 461 #0 - УРОВЕНЬ НАБОРА | |
| Встроенное поле | 001RU\NLR\bibl\1811708 |
| -- | 2001#$aИстория крестовых походов$fсочинение Г. Мишо, члена Академии Французской$gперевел с французскаго Иван Бутовский$g[предисл.: Иван Бутовский]$vТ. 2 |
| -- | 700#1$aМишо$bЖ. Ф.$f1767-1839$gЖозеф Франсуа$3RU\NLR\AUTH\7721946 |
| Системный номер (АБИС) связанной записи | 13551165 |
| Автор | Мишо, Ж. Ф. (1767-1839) |
| Место публикации | Санктпетербург [Санкт-Петербург] |
| Дата публикации | 1841 |
| Издание | 2-е изд., испр. |
| Первые сведения об ответственности | сочинение Г. Мишо, члена Академии Французской |
| Имя издателя, распространителя и т.д. | печатано в Военной Типографии |
| Физическая характеристика | 5 т. |
| Заглавие | История крестовых походов |
| Номер тома | Т. 2 |
| 518 1# - ЗАГЛАВИЕ В СТАНДАРТНОМ СОВРЕМЕННОМ ПРАВОПИСАНИИ | |
| Основное заглавие, вариант заглавия или унифицированное заглавие | Часть вторая, содержащая в себе повествование второго и третьего крестовых походов |
| 540 1# - ДОПОЛНИТЕЛЬНОЕ ЗАГЛАВИЕ, ПРИМЕНЯЕМОЕ КАТАЛОГИЗАТОРОМ | |
| Заглавие | Ч. 2, содержащая в себе повествование второго и третьего крестовых походов |
| Язык заглавия | русский |
| 852 ## - МЕСТОНАХОЖДЕНИЕ И ШИФР ХРАНЕНИЯ | |
| Идентификатор организации | NLR |
| Шифр хранения (Call Number) | 18.8.8.1(2) |
| 942 ## - ДОПОЛНИТЕЛЬНЫЕ ЭЛЕМЕНТЫ ЗАПИСИ (АБИС) | |
| Тип экземпляра АБИС | Неопределено |
| 980 ## - КОЛЛЕКЦИЯ | |
| Название коллекции | Национальная библиография |
Нет доступных экземпляров.